| 000 | 00420nam a2200181Ia 4500 | ||
|---|---|---|---|
| 001 | 7869 | ||
| 005 | 20260306160527.0 | ||
| 008 | 260306t1997||||xx |||||||||||||| ||spa|| | ||
| 041 | _aESP | ||
| 082 |
_a363.35 _bM61 |
||
| 100 |
_aPerú. Ministerio de Defensa _eAUT |
||
| 245 | 0 | _aDoctrina básica de defensa nacional | |
| 260 | _c1997 | ||
| 300 |
_a _c |
||
| 650 | _aGEN | ||
| 654 | _aCIA | ||
| 942 |
_cLIB _dJUS _fJUS _2ddc _n |
||
| 999 |
_c7869 _d7869 |
||